00988nam a2200241 a 450000100100000000500170001000800410002704000250006804100380009308200140013110000370014524000470018224501350022926000520036430000260041653400730044270000340051570000350054974000180058404900090060295201180061199900170072900002647720200930030238.0110203s1972 ag r 000 f spa d aDO-SdBNPbspacBNPHU17aenghspa2Código de idioma MARC axxxbJ27e1 aJames, Henry,d1843-1916.91281910aThe middle year. The birtnplacelEspañol10aLa edad madura ; La casa natal /cHenry James ; versión de Arturo Maccarini ; supervisión literaria de Raúl Gustavo Aguirre. aBuenos Aires, (Argentina) :bCorregidor,c1972. a147, [4] p. ;c19 cm. aTítulo del original en inglés :tThe middle year. The birtnplace1 aMaccarini, Arturoetr.9535431 aAguirre, Raúl Gustavo9529181 aLa casa natal aBNGR 001054708MOaGRbGRcCTd2011-03-21iLF1l0oxxx J27ep26477-10r2020-06-25w2020-06-25y4ZPréstamo en sala c25969d25969